Male Thai Kpop Idol (2026 update) - Statistics

General Stats
  • This quiz has been taken 3 times
  • The average score is 4 of 11
Answer Stats
Group Name % Correct
GOT7 BamBam
100%
2PM Nichkhun(Thai–American dual citizenship)
67%
GHOST9 Prince
67%
NCT Ten
67%
xikers Hunter
33%
Ex NINE.i Winnie
33%
TUNEXX Arctic
0%
POLARIX Pentor
0%
The Wind Thanatorn
0%
NAZE Turn
0%
POW Yorch
0%
No matching quizzes found
Score Distribution
Percent of People with Each Score
Percentile by Number Answered
Your Score History
You have not taken this quiz